00427 2200169 4500001002100000005001500021008004100036020002200077035001900099041000700118082001100125090001700136100002500153245002700178260002800205650002400233INLIS00000000000894220241224113733241224||||||||| | ||| |||| || |  a978-979-099-251-1 0010-1224008942 aid0 a720.22 a720.22 SCH p0 aSchilling, Alexander00aBasics Pembuatan Maket aJakartaberlanggac2010 0aArsitektur -- maket